000 01311cam a22004214i 4500
003 PE-LiUPU
005 20250731173222.0
008 150625s1969 pau r 000 0 eng d
035 _a(Sirsi) a33825
040 _aPE-LiUPU
_bspa
_cPE-LiUPU
_erda
049 _aPRUA
082 0 4 _a221.07
_bOTL
_221
100 1 _aWestermann, Claus,
_eautor.
245 1 0 _aIsaiah 40-66 :
_bA commentary /
_cClaus Westermann.
264 1 _aPhiladelphia :
_bThe Westminster press,
_c1969.
300 _a429 páginas ;
_c23 centímetros.
336 _atext
_2rdacontent
337 _aunmediated
_2rdamedia
338 _avolume
_2rdacarrier
490 0 _a(The Old Testament Library)
505 0 _aDeutero-Isaiah --Trito-Isaiah.
526 _aSEG42
526 _aSEG41
526 _aSEG40
526 _aSEG39
526 _aP94
526 _aP87
526 _aP86
526 _aP85
526 _aP77
526 _aP76
526 _aP35
630 _aBiblia.
_pIsaías
_xCrítica e interpretación
942 _2ddc
_cBK
949 _a221.07 OTL 23c
_wDEWEY
_c1
_i37807
_lCCODEBUL1
_mBUL
_p00.00
_r0
_sY
_tBOOK
_u2015-06-25
_xBIBLIOTECA
_zUNKNOWN
_0COMPRA
_o.STAFF. Colección General
999 _c41615
_d41615
980 _81
_gALBERTO SANCHEZ Responsable de Automatización